| 000 | nam a22 a 4500 | ||
|---|---|---|---|
| 999 |
_c403 _d403 |
||
| 003 | AKMAL | ||
| 005 | 20170503155137.0 | ||
| 008 | 170503s1995 my 00 eng d | ||
| 020 |
_a9839900234: _cRM 60.00 |
||
| 040 | _aAKMAL | ||
| 082 | 0 | 4 | _a110 ATT |
| 090 |
_a110 _bATT |
||
| 100 | 1 |
_aal-Attas, Syed Muhammad Naquib, _d1931- _9847 |
|
| 245 | 1 | 0 |
_aProlegomena to the metaphysics of Islam : _ban exposition of the fundamental elements of the worldview of Islam / _cSyed Muhammad Naquib Al-Attas |
| 260 |
_aKuala Lumpur : _bInternational Institute of Islamic Thought and Civilization (ISTAC), _c1995 |
||
| 300 |
_ax, 358p. ; _c23cm |
||
| 650 |
_aMetaphysics _9921 |
||
| 650 |
_aIslam _9922 |
||
| 650 |
_aCosmology _9923 |
||
| 650 |
_aOntology _9899 |
||
| 650 |
_aKnowledge, Theory of _9831 |
||
| 942 |
_2ddc _cBOOK |
||